|
|
|
|
| LEADER |
00000nab a2200000 a 4500 |
| 001 |
vtls010331403 |
| 003 |
SK-MaSNL |
| 005 |
20260303173909.0 |
| 008 |
111219 2011 xo e 000 0 slo |
| 038 |
|
|
|a PPPK
|
| 040 |
|
|
|a PPPKCL
|b slo
|c PPPK
|e AACR2
|
| 041 |
0 |
|
|a slo
|
| 044 |
|
|
|a xo
|c SK
|
| 080 |
|
|
|a 798.27.093.1
|x (437.6)
|2 2001
|
| 245 |
0 |
0 |
|a V slovenskom meradle sa nestratili
|c [autor] (ija)
|
| 610 |
2 |
7 |
|a Galaxia (občianske združenie)
|2 pppkcl
|9 117494
|
| 611 |
2 |
7 |
|a Majstrovstvá Slovenska vo voltížnom jazdení
|d (2011 :
|c Šaľa, Slovensko)
|2 pppkcl
|9 1200797
|
| 648 |
|
7 |
|a 23.-24.9.2011
|2 pppkcl
|9 1200798
|
| 650 |
0 |
7 |
|a jazdectvo
|2 pppkcl
|9 3225
|
| 650 |
0 |
7 |
|a voltíž (jazdectvo)
|2 pppkcl
|9 725869
|
| 651 |
|
7 |
|a Spišská Teplica (Slovensko)
|2 pppkcl
|9 54556
|
| 651 |
|
7 |
|a Poprad (Slovensko : okres)
|2 pppkcl
|9 28675
|
| 651 |
|
7 |
|a Šaľa (Slovensko)
|2 pppkcl
|9 27574
|
| 773 |
0 |
|
|t Tatranský dvojtýždenník
|g Roč. XXII, č. 19 (2011), s. 12
|
| 852 |
|
|
|a PPPK
|b KIS3GCP
|
| 999 |
|
|
|c 2094265
|d 2096195
|